Ricostruisci la Carriera del Calciatore - Ainsley Maitland-Niles - Statistics

Statistiche generali
  • Questo quiz è stato fatto 11 volte
    10 dall'ultimo reset
  • Il punteggio medio è 3 su 8
Statistiche sulle risposte
Hint Risposta % Corretto
2014-2015 Arsenal
50%
2016-2021 Arsenal
50%
2015-2016 Ipswich Town
50%
2023- Olympique Lione
50%
2022 Roma
50%
2021-2022 Arsenal
25%
2022-2023 Southampton
13%
2021 West Bromwich
13%
Nessun quiz corrispondente trovato
Distribuzione punteggi
Percentuale di utenti per punteggio
Percentile per numero di risposta
I tuoi punteggi nel tempo
Non hai fatto questo quiz dall'ultimo reset